Hormigón armado: métodos de cálculo y dimensionamiento con tablas y ejemplos numéricos
Bewaard in:
| Hoofdauteur: | |
|---|---|
| Formaat: | Boek |
| Taal: | Spaans |
| Gepubliceerd in: |
Barcelona
El Ateneo
1971
|
| Editie: | 8a. ed |
| Onderwerpen: | |
| Tags: |
Voeg label toe
Geen labels, Wees de eerste die dit record labelt!
|
MARC
| LEADER | 00000cam a2200000 a 4500 | ||
|---|---|---|---|
| 001 | UCV6016 | ||
| 003 | CL-VaPUC | ||
| 008 | 930831e19710000SP |||||||||||||||||spa|d | ||
| 082 | 0 | 4 | |a 624.183 |b LOS |2 21 |
| 100 | |a Löser, Benno |e autor |9 300241 | ||
| 245 | 1 | 0 | |a Hormigón armado: métodos de cálculo y dimensionamiento con tablas y ejemplos numéricos |
| 250 | |a 8a. ed | ||
| 300 | |a 518 p | ||
| 942 | |c BK | ||
| 945 | |d 19930831 00:00:00 | ||
| 260 | |a Barcelona |b El Ateneo |c 1971 | ||
| 650 | 7 | |a CONSTRUCCIONES DE HORMIGON ARMADO |2 CL-VaPUC |9 260725 | |
| 650 | 0 | |a Análisis estructural |x Ingeniería |9 262653 | |
| 650 | 7 | |a HORMIGON ARMADO |2 CL-VaPUC |9 300242 | |
| 583 | |a last modification |c 20180315 09:57:56 |k Rodrigo Vera | ||
| 999 | |c 212280 |d 212278 | ||
| 952 | |0 0 |1 0 |4 0 |6 624_183000000000000_LOS_1971 |7 0 |8 A |9 192922 |a BIBING |b BIBING |d 2019-11-14 |i 3154998 |o 624.183 LOS 1971 |p 3154998 |r 2025-01-20 |w 2019-11-14 |y BK |k CCL | ||
| 952 | |0 0 |1 0 |4 0 |6 624_183000000000000_LOS_1971 |7 0 |8 A |9 192923 |a BIBING |b BIBING |d 2019-11-14 |i 3197360 |o 624.183 LOS 1971 |p 3197360 |r 2025-01-20 |w 2019-11-14 |y BK |k CCL | ||
| 952 | |0 0 |1 0 |4 0 |6 624_183000000000000_LOS_1971 |7 0 |8 A |9 192924 |a BIBMEC |b BIBMEC |d 2019-11-14 |i 1329561 |o 624.183 LOS 1971 |p 1329561 |r 2024-01-19 |w 2019-11-14 |y BK |k MEC | ||
| 952 | |0 0 |1 0 |3 erb |4 0 |6 624_183000000000000_LOS_1971 |7 0 |8 A |9 192925 |a BIBING |b BIBING |i 5456967 |o 624.183 LOS 1971 |p 5456967 |r 2025-01-20 |w 2019-11-14 |y BK |z Catalogado en:20180316 |k CCL | ||